[Event "World Rapid Women 2017"]
[Site "Riyadh KSA"]
[Date "2017.12.26"]
[Round "4.45"]
[White "Ambartsumova, Karina"]
[Black "Ovod, Evgenija"]
[Result "1/2-1/2"]
[WhiteTitle "WGM"]
[BlackTitle "IM"]
[WhiteElo "2359"]
[BlackElo "2364"]
[WhiteFideId "4166299"]
[BlackFideId "4131827"]
[EventDate "2017.12.26"]

1. d4 f5 2. Bf4 Nf6 3. e3 d6 4. Bd3 g6 5. h4 Nh5 6. Bh2 e6 7. Nf3 Be7 8. Bf4 Nd7
9. Nbd2 Bf6 10. Bg5 e5 11. dxe5 dxe5 12. Bc4 h6 13. Bxf6 Qxf6 14. Qe2 a6 15.
O-O-O e4 16. Nd4 Ne5 17. a4 Bd7 18. a5 b5 19. axb6 Qxb6 20. N2b3 c5 21. Bd5 Rb8
22. Qd2 cxd4 23. exd4 Nc6 24. f3 Nf6 25. fxe4 Nxd5 26. exd5 Nb4 27. Rde1+ Kd8
28. Qe3 Re8 29. Qxh6 Nxc2 30. Qg5+ Kc8 31. Rxe8+ Bxe8 32. Qe7 Ba4 33. Qc5+ Qxc5
34. Nxc5 Nxd4 35. Nxa4 Ne2+ 36. Kc2 Nf4 37. Nc3 Nxg2 38. Rh2 Ne3+ 39. Kd3 Ng4
40. Re2 Kd7 41. Na4 Kd6 42. Nc3 Ne5+ 43. Kc2 Rh8 44. Rh2 g5 45. h5 g4 46. h6 Nf3
47. Rh5 g3 48. Ne2 g2 49. Kd3 g1=Q 50. Nxg1 Nxg1 51. h7 Nf3 52. Rxf5 Ne5+ 53.
Kd4 Nd7 54. Rh5 Nf6 55. Rh6 Ke7 56. Kc5 Rxh7 57. d6+ Ke6 58. Rxh7 Nxh7 59. Kb6
Kxd6 60. Kxa6 Nf6 1/2-1/2

[Event "World Rapid Women 2017"]
[Site "Riyadh KSA"]
[Date "2017.12.26"]
[Round "4.46"]
[White "Badelka, Olga"]
[Black "Belenkaya, Dina"]
[Result "1-0"]
[WhiteTitle "WIM"]
[BlackTitle "WGM"]
[WhiteElo "2388"]
[BlackElo "2303"]
[WhiteFideId "13509926"]
[BlackFideId "24142654"]
[EventDate "2017.12.26"]

1. c4 e5 2. g3 Nc6 3. Bg2 Bc5 4. Nc3 a6 5. e3 d6 6. Nge2 Nge7 7. d4 Ba7 8. O-O
O-O 9. d5 Nb8 10. b4 Bg4 11. h3 Bh5 12. g4 Bg6 13. e4 a5 14. bxa5 Nd7 15. Rb1
Qc8 16. Ng3 f6 17. Bd2 Be8 18. Qe2 Ng6 19. Nf5 Rf7 20. Nb5 Bc5 21. Rb3 Nf4 22.
Qf3 Nf8 23. h4 Qd8 24. h5 c6 25. Nc3 Rxa5 26. Rfb1 Ra7 27. Be3 Nd3 28. Bf1 Bxe3
29. fxe3 Nc5 30. R3b2 Ra3 31. Ne2 Qc7 32. Neg3 Bd7 33. Rd1 Bxf5 34. Nxf5 cxd5
35. cxd5 Ra4 36. Rc1 Qd8 37. Rc4 b6 38. Rxa4 Nxa4 39. Rf2 Ra7 40. h6 g6 41. Ng7
Nc5 42. Bg2 Nd3 43. Qxf6 Qxf6 44. Rxf6 Rxa2 45. Bf1 Ne1 46. Bb5 g5 47. Be8 Re2
48. Bf7+ Kh8 49. Be6 Ng6 50. Rf7 Rxe3 51. Rd7 Rf3 52. Nf5 Nf8 53. Rd8 1-0

[Event "World Rapid Women 2017"]
[Site "Riyadh KSA"]
[Date "2017.12.26"]
[Round "5.1"]
[White "Ju, Wenjun"]
[Black "Khotenashvili, Bela"]
[Result "1-0"]
[WhiteTitle "GM"]
[BlackTitle "GM"]
[WhiteElo "2567"]
[BlackElo "2476"]
[WhiteFideId "8603006"]
[BlackFideId "13602640"]
[EventDate "2017.12.26"]

1. d4 g6 2. e4 c6 3. c4 d5 4. cxd5 cxd5 5. e5 Nc6 6. Nc3 Nh6 7. Be2 Bg7 8. Nf3
O-O 9. O-O Bg4 10. Ng5 Bxe2 11. Nxe2 Qb6 12. b3 a5 13. Nf3 Nf5 14. g4 Nh6 15. h3
Nb4 16. a3 Nc6 17. Be3 Kh8 18. Rc1 e6 19. Nf4 Ng8 20. Kg2 Rae8 21. h4 f6 22.
exf6 Nxf6 23. Ne5 Qa6 24. Nfd3 Ne4 25. f3 Nf6 26. Rh1 Nxe5 27. Nxe5 Rc8 28. h5
gxh5 29. gxh5 Rxc1 30. Bxc1 Ne8 31. Ng4 Qb6 32. Be3 Rf5 33. h6 Bf8 34. a4 Nd6
35. Qd3 Qd8 36. Bf2 Qe8 37. Bg3 Nf7 38. Re1 Qd7 39. Qe3 Bd6 40. Qxe6 Qxe6 41.
Rxe6 Bf8 42. Re8 Kg8 43. Rb8 Ng5 44. Ne5 Ne6 45. Bf2 Rg5+ 46. Kf1 Rh5 47. Be3
Rf5 48. Ke2 Rh5 49. Ng4 Rf5 50. Rxb7 Bd6 51. Rb6 Nf4+ 52. Kf2 Nd3+ 53. Ke2 Nf4+
54. Bxf4 Bxf4 55. Rb5 Bc7 56. Ne3 Rh5 57. Nxd5 Rh2+ 58. Kd3 Bg3 59. Nf6+ Kf7 60.
Ng4 Rb2 61. Ke4 Kg6 62. d5 Re2+ 63. Kd3 Rb2 64. d6 Kf7 65. Rb7+ Ke6 66. d7 Bh4
67. Ne3 Rb1 68. f4 Bd8 69. Nc4 Rd1+ 70. Ke4 Re1+ 71. Kf3 Rf1+ 72. Ke3 Re1+ 73.
Kf2 Rh1 74. Ne5 Rc1 75. Rb8 Ke7 76. Rc8 Rb1 77. Rc3 Bb6+ 78. Kf3 Rh1 79. Rc6
Rh3+ 80. Kg4 Rxb3 81. Kf5 Rb1 82. Re6+ 1-0

[Event "World Rapid Women 2017"]
[Site "Riyadh KSA"]
[Date "2017.12.26"]
[Round "5.2"]
[White "Harika, Dronavalli"]
[Black "Pham, Le Thao Nguyen"]
[Result "1/2-1/2"]
[WhiteTitle "GM"]
[BlackTitle "IM"]
[WhiteElo "2504"]
[BlackElo "2354"]
[WhiteFideId "5015197"]
[BlackFideId "12401226"]
[EventDate "2017.12.26"]

1. e4 e5 2. Nf3 Nf6 3. Nxe5 d6 4. Nf3 Nxe4 5. Bd3 Nf6 6. O-O Be7 7. c3 O-O 8.
Bc2 Bg4 9. d4 Nbd7 10. Re1 Re8 11. Nbd2 Bf8 12. Rxe8 Qxe8 13. Nf1 Ne4 14. Bf4
Ndf6 15. h3 Bh5 16. Ne3 g5 17. Bh2 Bg6 18. Qf1 Qd7 19. Re1 Re8 20. g4 h6 21. Qg2
Qb5 22. Bb3 a5 23. Qf1 Qd7 24. a4 c6 25. Bc2 Qd8 26. Rd1 Qe7 27. Re1 Qd8 28. Rd1
Qe7 29. Re1 Qd8 30. Rd1 Qe7 1/2-1/2

[Event "World Rapid Women 2017"]
[Site "Riyadh KSA"]
[Date "2017.12.26"]
[Round "5.3"]
[White "Guo, Qi"]
[Black "Gunina, Valentina"]
[Result "1/2-1/2"]
[WhiteTitle "IM"]
[BlackTitle "GM"]
[WhiteElo "2396"]
[BlackElo "2510"]
[WhiteFideId "8604002"]
[BlackFideId "4167570"]
[EventDate "2017.12.26"]

1. d4 Nf6 2. Nf3 d5 3. c4 e6 4. Nc3 c5 5. cxd5 Nxd5 6. e4 Nxc3 7. bxc3 cxd4 8.
cxd4 Bb4+ 9. Bd2 Bxd2+ 10. Qxd2 O-O 11. Bc4 Nc6 12. O-O b6 13. Rfd1 Na5 14. Bd3
Bb7 15. Rac1 Rc8 16. Qe2 Rxc1 17. Rxc1 Qd6 18. h3 h6 19. Qb2 Rd8 20. Bb1 Qf4 21.
Re1 Nc4 22. Qc1 Qxc1 23. Rxc1 Nd6 24. Rc7 Bxe4 25. Bxe4 Nxe4 26. Rxa7 Rc8 27.
Ne5 f6 28. Nd3 h5 29. Nf4 h4 30. Nxe6 Rc1+ 31. Kh2 g5 32. Rg7+ Kh8 33. Rf7 Nxf2
34. g3 g4 35. gxh4 gxh3 36. Kg3 Rf1 37. h5 f5 38. Rf8+ Kh7 39. Rf7+ Kh8 40. Rf8+
Kh7 41. Rf7+ Kh8 42. Rf8+ Kh7 43. Rf7+ Kh8 44. Rf8+ Kh7 1/2-1/2

[Event "World Rapid Women 2017"]
[Site "Riyadh KSA"]
[Date "2017.12.26"]
[Round "5.5"]
[White "Padmini, Rout"]
[Black "Dzagnidze, Nana"]
[Result "1-0"]
[WhiteTitle "IM"]
[BlackTitle "GM"]
[WhiteElo "2324"]
[BlackElo "2522"]
[WhiteFideId "5029295"]
[BlackFideId "13601903"]
[EventDate "2017.12.26"]

1. Nf3 d5 2. g3 Nf6 3. Bg2 Bf5 4. O-O e6 5. d3 h6 6. c4 c6 7. cxd5 exd5 8. Qb3
Qb6 9. Qc2 Nbd7 10. Nc3 Be7 11. e4 dxe4 12. dxe4 Bh7 13. Qe2 O-O 14. e5 Nd5 15.
e6 N7f6 16. exf7+ Kh8 17. Ne5 Rad8 18. Nxd5 Nxd5 19. Be4 Bf6 20. Bxh7 Bxe5 21.
Bg6 c5 22. Bc2 Bd4 23. Qe4 g6 24. Bxh6 Rxf7 25. Qxg6 Qxg6 26. Bxg6 Rc7 27. Be4
Bxb2 28. Rab1 Bd4 29. Kg2 b6 30. Bg5 Rd6 31. Rbe1 Rg7 32. h4 Nc3 33. Bd3 Kg8 34.
Re8+ Kf7 35. Rfe1 Nd5 36. Bc4 b5 37. R1e7+ Kg6 38. Bd3+ Kh5 39. Rh8+ 1-0

[Event "World Rapid Women 2017"]
[Site "Riyadh KSA"]
[Date "2017.12.26"]
[Round "5.6"]
[White "Tan, Zhongyi"]
[Black "Ding, Yixin"]
[Result "1-0"]
[WhiteTitle "GM"]
[BlackTitle "WGM"]
[WhiteElo "2517"]
[BlackElo "2424"]
[WhiteFideId "8603642"]
[BlackFideId "8602972"]
[EventDate "2017.12.26"]

1. d4 d5 2. c4 e6 3. Nf3 c6 4. Nc3 Nd7 5. e4 dxe4 6. Nxe4 Ngf6 7. Nc3 Be7 8. Bd3
O-O 9. O-O b6 10. Re1 Bb7 11. Bf4 Re8 12. h3 Nf8 13. Qe2 Ng6 14. Bh2 a6 15. Rad1
Bd6 16. Ne5 Qc7 17. Bxg6 hxg6 18. c5 bxc5 19. dxc5 Bxc5 20. Nxg6 Qa5 21. Ne5 Bb4
22. Rc1 Rad8 23. a3 Bxc3 24. Rxc3 Qd5 25. Rd3 Qb5 26. Nc4 Rxd3 27. Qxd3 c5 28.
Be5 Nd7 29. Qg3 Nxe5 30. Nd6 Qd3 31. Qxe5 Re7 32. Nf5 exf5 33. Qxe7 Qd5 34. f3
Bc6 35. Qe5 Qd2 36. Qc3 Qg5 37. Kh1 Qg3 38. Rf1 Bb5 39. Rd1 c4 40. Qd4 Kh7 41.
Ra1 f4 42. Qe4+ g6 43. Rd1 Kh6 44. Qe5 Bc6 45. Rd8 f6 46. Qe2 Kg5 47. Rd6 Bb7
48. Rd4 Kh6 49. Rxc4 a5 50. Rd4 Bc8 51. Qf1 Bf5 52. b4 axb4 53. axb4 Bc8 54. b5
Qg5 55. Qc1 Qxb5 56. Rxf4 g5 57. Rxf6+ Kg7 58. Rc6 Bb7 59. Qc3+ Kf7 60. Qf6+ Kg8
61. Qd8+ Kg7 62. Qd7+ 1-0

[Event "World Rapid Women 2017"]
[Site "Riyadh KSA"]
[Date "2017.12.26"]
[Round "5.8"]
[White "Voit, Daria"]
[Black "Paehtz, Elisabeth"]
[Result "0-1"]
[WhiteTitle "FM"]
[BlackTitle "IM"]
[WhiteElo "2390"]
[BlackElo "2464"]
[WhiteFideId "4182146"]
[BlackFideId "4641833"]
[EventDate "2017.12.26"]

1. d4 e6 2. c4 b6 3. Nc3 Bb4 4. e4 Bb7 5. f3 f5 6. exf5 Nh6 7. Bxh6 Qh4+ 8. g3
Qxh6 9. Qd2 Qxd2+ 10. Kxd2 Nc6 11. fxe6 dxe6 12. Ne2 O-O-O 13. Ke3 Nxd4 14. Nxd4
Bc5 15. Ne2 e5 16. Bh3+ Kb8 17. Bg2 exd4+ 18. Kd3 Rhe8 19. a3 Re3+ 20. Kd2 a5
21. Rhf1 Rde8 22. Rae1 Ba6 23. Nc1 Bxc4 24. Rh1 a4 25. f4 b5 26. Bc6 R8e6 27.
Bd7 Re7 28. Bf5 Bb6 29. Kd1 g6 30. Bb1 Bd5 31. Rxe3 dxe3 32. Rf1 Bg2 33. Re1
Bf3+ 34. Kc2 Be4+ 35. Nd3 Rd7 36. Kc3 Bxd3 37. Bxd3 Ba5+ 0-1

[Event "World Rapid Women 2017"]
[Site "Riyadh KSA"]
[Date "2017.12.26"]
[Round "5.9"]
[White "Cornette, Deimante"]
[Black "Goryachkina, Aleksandra"]
[Result "0-1"]
[WhiteTitle "IM"]
[BlackTitle "WGM"]
[WhiteElo "2439"]
[BlackElo "2486"]
[WhiteFideId "12802859"]
[BlackFideId "4147103"]
[EventDate "2017.12.26"]

1. e4 Nf6 2. e5 Nd5 3. d4 d6 4. c4 Nb6 5. exd6 exd6 6. Nc3 Be7 7. Bd3 O-O 8.
Nge2 Nc6 9. b3 a5 10. a3 Bg4 11. Be3 Bg5 12. O-O Bxe3 13. fxe3 Qe7 14. Qd2 Rae8
15. e4 Bxe2 16. Nxe2 Nd7 17. Bc2 b6 18. Ng3 g6 19. Rad1 Nd8 20. Rde1 c5 21. d5
Ne5 22. Qh6 f6 23. Qf4 Qg7 24. h4 a4 25. Re3 Nb7 26. Rb1 Na5 27. Qf1 Qh6 28. Rc3
Qxh4 29. bxa4 Naxc4 30. Rd1 Qg5 31. Re1 Qd2 32. Ne2 Ne3 33. Rxe3 Qxe3+ 34. Kh1
Ng4 35. Qf4 f5 36. Qxd6 fxe4 37. Qd7 Qh6+ 0-1

[Event "World Rapid Women 2017"]
[Site "Riyadh KSA"]
[Date "2017.12.26"]
[Round "5.10"]
[White "Zozulia, Anna"]
[Black "Huang, Qian"]
[Result "1/2-1/2"]
[WhiteTitle "IM"]
[BlackTitle "WGM"]
[WhiteElo "2316"]
[BlackElo "2438"]
[WhiteFideId "14102110"]
[BlackFideId "8602689"]
[EventDate "2017.12.26"]

1. e4 d5 2. exd5 Qxd5 3. Nc3 Qd8 4. d4 g6 5. Nf3 Bg7 6. Bc4 Nf6 7. O-O O-O 8. h3
Nc6 9. Re1 b6 10. Be3 Bb7 11. Qe2 e6 12. Ba6 Bxa6 13. Qxa6 Nb4 14. Qe2 Nbd5 15.
Nxd5 Nxd5 16. Bg5 Qd6 17. Qe4 h6 18. Bh4 Nf6 19. Qe5 Nh5 20. Qxd6 cxd6 21. c3 g5
22. Bg3 Nxg3 23. fxg3 d5 24. a4 Rfc8 25. Ne5 Bxe5 26. Rxe5 Kg7 27. h4 Kg6 28.
Kf2 a6 29. Ree1 b5 30. axb5 axb5 31. Ke3 b4 32. Rxa8 Rxa8 33. cxb4 Rb8 34. Kd3
Rxb4 35. Kc3 Rb7 36. b4 Kf6 37. Rf1+ Ke7 38. Ra1 Kf6 39. Rf1+ Kg6 40. Kb3 Kh5
41. hxg5 hxg5 42. Ka4 Kg4 43. Rf3 Ra7+ 44. Kb3 Rb7 45. Ka4 Ra7+ 46. Kb3 Rb7 1/2-1/2

[Event "World Rapid Women 2017"]
[Site "Riyadh KSA"]
[Date "2017.12.26"]
[Round "5.11"]
[White "Ushenina, Anna"]
[Black "Doluhanova, Evgeniya"]
[Result "1-0"]
[WhiteTitle "GM"]
[BlackTitle "WGM"]
[WhiteElo "2416"]
[BlackElo "2352"]
[WhiteFideId "14110911"]
[BlackFideId "14112035"]
[EventDate "2017.12.26"]

1. d4 Nf6 2. Nf3 e6 3. Bf4 b6 4. e3 Bb7 5. h3 Be7 6. Nbd2 Ne4 7. Bd3 f5 8. c3
O-O 9. O-O d6 10. Bc4 d5 11. Bd3 Nd7 12. Ne5 Nxd2 13. Qxd2 Nxe5 14. Bxe5 Bd6 15.
f4 c5 16. Rf3 Bxe5 17. fxe5 Qg5 18. Qf2 Rac8 19. Rf1 Bc6 20. Kh1 c4 21. Bc2 Qe7
22. Rf4 a5 23. g4 g6 24. Rg1 Kh8 25. Qh2 b5 26. a3 b4 27. axb4 axb4 28. h4 bxc3
29. bxc3 Ra8 30. h5 g5 31. Rf2 fxg4 32. Rgf1 Rxf2 33. Qxf2 Ba4 34. Bb1 Be8 35.
h6 Bg6 36. Bxg6 hxg6 37. Kg2 Kh7 38. Kg3 Ra7 39. Kxg4 Rb7 40. Qf6 Rc7 41. Kxg5
Qe8 42. Qf8 Qd7 43. Rf6 1-0

[Event "World Rapid Women 2017"]
[Site "Riyadh KSA"]
[Date "2017.12.26"]
[Round "5.12"]
[White "Mamedjarova, Turkan"]
[Black "Bodnaruk, Anastasia"]
[Result "1-0"]
[WhiteTitle "WGM"]
[BlackTitle "IM"]
[WhiteElo "2260"]
[BlackElo "2428"]
[WhiteFideId "13402005"]
[BlackFideId "4181751"]
[EventDate "2017.12.26"]

1. d4 d6 2. e4 g6 3. Be3 Bg7 4. Qd2 c6 5. Nc3 b5 6. a3 a6 7. h3 Nd7 8. f4 Nb6 9.
Nf3 Nf6 10. Bd3 Qc7 11. O-O O-O 12. f5 c5 13. dxc5 dxc5 14. e5 Nfd5 15. Nxd5
Nxd5 16. Bh6 Bb7 17. Bxg7 Kxg7 18. Rae1 Rad8 19. fxg6 hxg6 20. Qg5 c4 21. Be4
Bc8 22. Nh4 c3 23. b4 Qb6+ 24. Kh1 Kh7 25. Rf3 Kg7 26. Ref1 Qc6 27. Bf5 Bxf5 28.
Nxf5+ Kg8 29. Qh6 1-0

[Event "World Rapid Women 2017"]
[Site "Riyadh KSA"]
[Date "2017.12.26"]
[Round "5.13"]
[White "Danielian, Elina"]
[Black "Mammadova, Gulnar"]
[Result "1-0"]
[WhiteTitle "GM"]
[BlackTitle "IM"]
[WhiteElo "2413"]
[BlackElo "2357"]
[WhiteFideId "13300210"]
[BlackFideId "13403508"]
[EventDate "2017.12.26"]

1. d4 d5 2. Nf3 Nf6 3. Bf4 e6 4. e3 c5 5. c3 Nc6 6. Nbd2 Bd6 7. Bg3 Qe7 8. Ne5
Bxe5 9. dxe5 Nd7 10. f4 f6 11. exf6 Nxf6 12. Nf3 O-O 13. Be2 Bd7 14. O-O Be8 15.
Bh4 Qc7 16. Ng5 Qd6 17. e4 e5 18. exd5 Nd8 19. Bg3 exf4 20. Bxf4 Qd7 21. c4 h6
22. Nf3 Ng4 23. Ne5 Nxe5 24. Bxe5 Nf7 25. Bg4 Qe7 26. Be6 Kh8 27. Bc3 Ng5 28.
Rxf8+ Qxf8 29. Qd2 Bg6 30. Rf1 Qe7 31. h4 Nxe6 32. Qxh6+ Kg8 33. Qxg6 Nd4 34.
Qg4 Ne2+ 35. Kh2 Qd6+ 36. g3 Nxc3 37. bxc3 Re8 38. Rf2 b5 39. Qf3 Re5 40. Qf7+
Kh7 41. Rf5 Rxf5 42. Qxf5+ Kh8 43. cxb5 c4 44. Qc8+ Kh7 45. Qxc4 Qf6 46. Qe4+ g6
47. h5 Qf2+ 48. Qg2 Qf6 49. hxg6+ Qxg6 50. c4 Kg8 51. Qe2 Qg5 52. Kg2 Kf7 53. a4
Qd8 54. Qe6+ Kg7 55. d6 Qa5 56. Qe5+ Kg6 57. Qe4+ Kh6 58. Qe3+ Kh5 59. d7 Qc7
60. Qe8+ 1-0

[Event "World Rapid Women 2017"]
[Site "Riyadh KSA"]
[Date "2017.12.26"]
[Round "5.15"]
[White "Vo, Thi Kim Phung"]
[Black "Abdumalik, Zhansaya"]
[Result "0-1"]
[WhiteTitle "WGM"]
[BlackTitle "IM"]
[WhiteElo "2380"]
[BlackElo "2449"]
[WhiteFideId "12401838"]
[BlackFideId "13703544"]
[EventDate "2017.12.26"]

1. d4 Nf6 2. c4 d6 3. Nf3 g6 4. Nc3 Bf5 5. Qb3 Qc8 6. h3 h5 7. Ng5 Nc6 8. e4 Bd7
9. Be3 Bh6 10. O-O-O b6 11. f4 Na5 12. Qc2 c5 13. dxc5 bxc5 14. e5 dxe5 15. fxe5
Nh7 16. h4 Nxg5 17. hxg5 Bg7 18. Rd5 Bc6 19. Rxc5 Nb7 20. Rxc6 Qxc6 21. Bd3 Nc5
22. Bxc5 Qxc5 23. e6 Qxg5+ 24. Kb1 f5 25. Qa4+ Kf8 26. Qc6 Rd8 27. Qc7 Re8 28.
g3 Qe3 29. Rd1 Be5 30. Qd7 Bxc3 31. bxc3 Kg7 32. Kc2 Kf6 33. c5 Qxc5 34. Ba6 Rb8
35. Qd3 Rb6 36. Bc4 Rc8 37. Bb3 Rbc6 38. c4 Rxe6 39. Rd2 Qe5 40. Qd7 Rec6 41.
Qxa7 Rxc4+ 42. Bxc4 Rxc4+ 43. Kd1 Qa1+ 44. Ke2 Re4+ 45. Kf2 Qe1+ 46. Kf3 Qxd2
47. Qb6+ Re6 48. Qb8 Qe2+ 0-1

[Event "World Rapid Women 2017"]
[Site "Riyadh KSA"]
[Date "2017.12.26"]
[Round "5.16"]
[White "Batsiashvili, Nino"]
[Black "Mamedjarova, Zeinab"]
[Result "1-0"]
[WhiteTitle "IM"]
[BlackTitle "WGM"]
[WhiteElo "2502"]
[BlackElo "2363"]
[WhiteFideId "13602993"]
[BlackFideId "13401521"]
[EventDate "2017.12.26"]

1. d4 d5 2. Bf4 e6 3. e3 f5 4. c4 Nf6 5. Nc3 c6 6. Nf3 Be7 7. Bd3 O-O 8. O-O b6
9. Rc1 Bb7 10. cxd5 cxd5 11. Nb5 Na6 12. a3 Ne4 13. h3 Qe8 14. Qe2 g5 15. Bh2
Rf7 16. Nc7 Nxc7 17. Rxc7 Bd8 18. Rxf7 Qxf7 19. Ne5 Qc7 20. Qh5 Rc8 21. Qe8+ Kg7
22. Qxe6 Nd2 23. Qxf5 Ne4 24. Nd7 Qc1 25. Qf8+ Kg6 26. Ne5+ Kh5 27. g4+ 1-0

[Event "World Rapid Women 2017"]
[Site "Riyadh KSA"]
[Date "2017.12.26"]
[Round "5.17"]
[White "Mammadzada, Gunay"]
[Black "Girya, Olga"]
[Result "0-1"]
[WhiteTitle "WGM"]
[BlackTitle "WGM"]
[WhiteElo "2333"]
[BlackElo "2484"]
[WhiteFideId "13403729"]
[BlackFideId "4195752"]
[EventDate "2017.12.26"]

1. e4 c6 2. d4 d5 3. Nc3 dxe4 4. Nxe4 Bf5 5. Ng3 Bg6 6. Nf3 e6 7. h4 h6 8. Ne5
Bh7 9. Bd3 Bxd3 10. Qxd3 Nd7 11. Bf4 Nxe5 12. Bxe5 Qa5+ 13. c3 Nf6 14. O-O Ng4
15. Qe2 Nxe5 16. dxe5 Be7 17. h5 O-O 18. c4 Rad8 19. Rfd1 Bg5 20. b3 Bf4 21. Re1
Rd2 22. Qe4 Bxg3 23. fxg3 Rxa2 24. Rad1 Rd2 25. Qe3 Rfd8 26. Ra1 Ra2 27. Rxa2
Qxa2 28. Rf1 Qb2 29. Kh1 Qd4 30. Qe2 Qd3 31. Qf2 Rd7 32. Ra1 Qxb3 33. Qxa7 Qxg3
34. Qa5 Qh4+ 35. Kg1 Qxc4 36. Rf1 Qd4+ 37. Kh1 Qh4+ 38. Kg1 Qxh5 39. Qa8+ Kh7 0-1

[Event "World Rapid Women 2017"]
[Site "Riyadh KSA"]
[Date "2017.12.26"]
[Round "5.18"]
[White "Zatonskih, Anna"]
[Black "Gvetadze, Sofio"]
[Result "1/2-1/2"]
[WhiteTitle "IM"]
[BlackTitle "IM"]
[WhiteElo "2452"]
[BlackElo "2289"]
[WhiteFideId "14101572"]
[BlackFideId "13601440"]
[EventDate "2017.12.26"]

1. d4 Nf6 2. c4 g6 3. g3 Bg7 4. Bg2 O-O 5. Nc3 c5 6. d5 d6 7. Nf3 Na6 8. O-O Nc7
9. a4 Rb8 10. e4 Nd7 11. Re1 a6 12. a5 b5 13. axb6 Rxb6 14. Qc2 Ne8 15. Bf4 Qc7
16. h3 Qb8 17. Na4 Rb4 18. Rab1 Nb6 19. Nxb6 Qxb6 20. b3 Qb8 21. g4 Nf6 22. e5
Nd7 23. exd6 exd6 24. Re2 Nf6 25. Rbe1 h5 26. g5 Nxd5 27. Bd2 Bf5 28. Qc1 Nc7
29. Bxb4 Qxb4 30. Qd1 Ne6 31. Nh4 Nd4 32. Nxf5 Nxf5 33. Re8 Nd4 34. Rxf8+ Kxf8
35. Re3 Be5 36. Rd3 a5 37. Bd5 Kg7 38. Kg2 Nf5 39. Kg1 Nd4 40. Kf1 Qb8 41. Rf3
Nxf3 42. Qxf3 Qc7 43. Kg2 Qe7 44. Kf1 f6 45. gxf6+ Qxf6 46. Qxf6+ Kxf6 47. Ke2
Kf5 48. Kf3 g5 49. Be4+ Kf6 50. Bc6 Bd4 51. Be8 h4 52. Bc6 Kf5 53. Ke2 Kf4 54.
Bd7 Be5 55. f3 Bd4 56. Bg4 Bg1 57. Kd3 Bd4 58. Bh5 Kg3 59. Bg4 Kf2 60. Kd2 Be5
61. Kc2 Ke3 62. Bh5 Kd4 63. Bf7 Bf4 64. Be6 Bh2 65. Bf7 Ke5 66. Bh5 d5 67. cxd5
Kxd5 68. Bf7+ Kd4 69. Be6 Bf4 70. Bf7 Be5 71. Be6 Ke3 72. Bg4 Kd4 73. Be6 Bf6
74. Bf7 c4 75. bxc4 a4 76. Be6 Kc5 77. Kb1 Kb4 78. Ka2 1/2-1/2

[Event "World Rapid Women 2017"]
[Site "Riyadh KSA"]
[Date "2017.12.26"]
[Round "5.19"]
[White "Tokhirjonova, Gulrukhbegim"]
[Black "Zimina, Olga"]
[Result "1-0"]
[WhiteTitle "WGM"]
[BlackTitle "IM"]
[WhiteElo "2329"]
[BlackElo "2415"]
[WhiteFideId "14203626"]
[BlackFideId "4132190"]
[EventDate "2017.12.26"]

1. e4 c6 2. d4 d5 3. e5 Bf5 4. Nf3 e6 5. Be2 Bb4+ 6. c3 Ba5 7. O-O Nd7 8. Be3
Bc7 9. Nbd2 f6 10. Qb3 Qb8 11. Bf4 Ne7 12. exf6 Bxf4 13. fxe7 Kxe7 14. g3 Bd6
15. Nh4 Bh3 16. Rfe1 Nf6 17. c4 Kf7 18. Ndf3 h6 19. Ne5+ Kg8 20. Nhg6 Bf5 21.
Nxh8 Kxh8 22. Bd3 Ne4 23. Nf7+ Kg8 24. Nxd6 Qxd6 25. Qc2 Rf8 26. Rf1 Kh8 27. Kg2
Qb4 28. cxd5 exd5 29. f3 Nd6 30. Rad1 Nc4 31. Kf2 Bxd3 32. Qxd3 Nxb2 33. Qb1
Nxd1+ 34. Rxd1 Qxb1 35. Rxb1 Rf7 36. f4 Kg8 37. Kf3 Re7 38. g4 Kf7 39. h4 Kf6
40. a4 g6 41. a5 h5 42. Rb3 Kf7 43. Rb2 Kf6 44. Rb3 Rc7 45. g5+ Kf7 46. f5 gxf5
47. Kf4 Kg6 48. Re3 b6 49. axb6 axb6 50. Re6+ Kg7 51. Kxf5 b5 52. Rg6+ Kh7 53.
Rh6+ Kg7 54. Rg6+ Kh7 55. Rh6+ Kg7 56. Rxh5 b4 57. g6 Kg8 58. Rg5 b3 59. Rg2 Rb7
60. Rb2 Kg7 61. Kg5 Rb4 62. h5 Rb8 63. h6+ Kg8 64. Kg4 Kf8 65. Kf5 Kg8 66. Ke6
Re8+ 67. Kd7 Re3 68. h7+ Kh8 69. Rf2 Rh3 70. Rf8+ Kg7 71. Rg8+ Kf6 72. h8=Q+
Rxh8 73. Rxh8 1-0

[Event "World Rapid Women 2017"]
[Site "Riyadh KSA"]
[Date "2017.12.26"]
[Round "5.20"]
[White "Assaubayeva, Bibisara"]
[Black "Munguntuul, Batkhuyag"]
[Result "1/2-1/2"]
[WhiteTitle "FM"]
[BlackTitle "IM"]
[WhiteElo "2381"]
[BlackElo "2397"]
[WhiteFideId "13708694"]
[BlackFideId "4900758"]
[EventDate "2017.12.26"]

1. d4 d5 2. c4 c6 3. Nf3 Nf6 4. Nc3 a6 5. c5 Nbd7 6. h3 g6 7. Bf4 Bg7 8. e3 O-O
9. Be2 Ne4 10. Nxe4 dxe4 11. Nd2 e5 12. Bxe5 Bxe5 13. dxe5 Nxc5 14. Qc2 Qd5 15.
Qc3 Be6 16. O-O Nd7 17. Bc4 Qxe5 18. Qxe5 Nxe5 19. Bxe6 fxe6 20. Nxe4 Nd3 21. b3
c5 22. Rfd1 Rad8 23. Rd2 b5 24. Rad1 c4 25. bxc4 bxc4 26. Nc5 Rd6 27. Nxd3 Rfd8
28. f3 cxd3 29. e4 Rd4 30. a3 h5 31. h4 Kf7 32. Kf2 Ke7 33. Ke3 Rc4 34. Rxd3
Rxd3+ 35. Rxd3 Rc2 36. g3 Kf6 37. Rb3 Rg2 38. Kf4 e5+ 39. Ke3 Rxg3 40. Rb6+ Kg7
41. Rxa6 g5 42. hxg5 Rxg5 43. Kf2 h4 44. Rb6 h3 45. Rb1 Rg2+ 46. Ke3 Ra2 47. Rh1
h2 48. a4 Kg6 49. f4 Ra3+ 50. Kf2 Rxa4 51. Rxh2 Rxe4 1/2-1/2

[Event "World Rapid Women 2017"]
[Site "Riyadh KSA"]
[Date "2017.12.26"]
[Round "5.21"]
[White "Sedina, Elena"]
[Black "Cramling, Pia"]
[Result "0-1"]
[WhiteTitle "IM"]
[BlackTitle "GM"]
[WhiteElo "2312"]
[BlackElo "2450"]
[WhiteFideId "812153"]
[BlackFideId "1700030"]
[EventDate "2017.12.26"]

1. e4 c5 2. Nf3 d6 3. Bb5+ Nd7 4. d4 cxd4 5. Qxd4 a6 6. Bxd7+ Bxd7 7. c4 Rc8 8.
Nc3 e6 9. a4 Qc7 10. b3 Nf6 11. O-O Be7 12. Rd1 O-O 13. Ba3 Bc6 14. Rac1 Qb8 15.
Qd3 Rfe8 16. h3 Bf8 17. b4 Red8 18. b5 Be8 19. Nd2 Nd7 20. Qe2 Nc5 21. Rb1 Qc7
22. Rdc1 g6 23. Rc2 Bg7 24. Bb2 Qe7 25. Ra1 Qf8 26. Nd1 Bxb2 27. Rxb2 Qg7 28.
Nb3 Nxb3 29. Rxb3 Qxa1 0-1

[Event "World Rapid Women 2017"]
[Site "Riyadh KSA"]
[Date "2017.12.26"]
[Round "5.22"]
[White "Ordaz Valdes, Lisandra Teresa"]
[Black "Mkrtchian, Lilit"]
[Result "1/2-1/2"]
[WhiteTitle "WGM"]
[BlackTitle "IM"]
[WhiteElo "2414"]
[BlackElo "2376"]
[WhiteFideId "3506940"]
[BlackFideId "13300601"]
[EventDate "2017.12.26"]

1. d4 Nf6 2. c4 e6 3. Nf3 b6 4. a3 Ba6 5. Qb3 Bb7 6. Nc3 d5 7. cxd5 Nxd5 8. Bd2
Nd7 9. Qc2 Be7 10. e4 Nxc3 11. Bxc3 O-O 12. Rd1 c5 13. dxc5 Qc7 14. cxb6 axb6
15. Bb5 Nc5 16. O-O Bxe4 17. Qe2 Qb7 18. Nd2 Bg6 19. Nc4 Rad8 20. Bd4 Bf6 21.
Bxf6 gxf6 22. Ne3 Qc7 23. Ng4 f5 24. Ne5 Rxd1 25. Rxd1 Rd8 26. Rxd8+ Qxd8 27. b4
Ne4 28. Qd3 Qc7 29. Nc6 Qf4 30. Qd8+ Kg7 31. Qd4+ f6 32. Qe3 Qd6 33. Qd4 Qf4 34.
Qe3 Qd6 35. Qd4 Qf4 1/2-1/2